000 00457nam a2200205Ia 4500
001 11762
003 GE_BSU
008 181216s||||||||xx |||||||||||||| ||und||
020 _a9780755347452
040 _cGE_BSU
080 _a821.111-32.1
100 _aHardie,Titania
245 4 _aThe Rose Labirinth
260 _aGreat Britain
260 _bHeadline review
260 _c2008
300 _a528p.20cm.
653 _aThe Rose Labirinth
942 _cBK
999 _c44941
_d44941